[Event "ESP-22ch corr"]
[Site "AEAC email"]
[Date "2003.11.25"]
[Round "2"]
[White "Boada Llombart, Jorge"]
[Black "Montoya Bello, Felix Jose"]
[Result "1/2-1/2"]
[WhiteElo "2343"]
[BlackElo "2388"]
[PlyCount "62"]
[EventDate "2003.11.25"]
[EventType "tourn (corr)"]
[EventRounds "12"]
[EventCountry "ESP"]
[SourceTitle "Telechess CBM 114"]
[Source "ChessBase"]
[SourceDate "2006.10.02"]
[SourceVersion "1"]
[SourceVersionDate "2006.10.02"]
[SourceQuality "1"]

1. e4 c6 2. d4 d5 3. Nc3 dxe4 4. Nxe4 Bf5 5. Ng3 Bg6 6. h4 h6 7. Nf3 Nd7 8. h5 Bh7 9. Bd3 Bxd3 10. Qxd3 Qc7 11. Bd2 e6 12. Kf1 Ngf6 13. Re1 Bd6 14. Nf5 0-0 15. Nxd6 Qxd6 16. Rh4 c5 17. c4 Rfd8 18. Qc2 Rac8 19. b3 cxd4 20. Rxd4 Qc6 21. Bb4 Nc5 22. Bc3 Rxd4 23. Bxd4 Ncd7 24. Ne5 Nxe5 25. Rxe5 Qd6 26. Bc3 b6 27. Qd2 Qxd2 28. Bxd2 Rd8 29. Ke1 Ng4 30. Re2 Nf6 31. Re5 Ng4 1/2-1/2

[Event "ESP-22ch corr"]
[Site "AEAC email"]
[Date "2003.11.25"]
[Round "2"]
[White "Garcia Corada, Pedro"]
[Black "Montoya Bello, Felix Jose"]
[Result "1-0"]
[WhiteElo "2534"]
[BlackElo "2388"]
[PlyCount "75"]
[EventDate "2003.11.25"]
[EventType "tourn (corr)"]
[EventRounds "12"]
[EventCountry "ESP"]
[SourceTitle "Telechess CBM 114"]
[Source "ChessBase"]
[SourceDate "2006.10.02"]
[SourceVersion "1"]
[SourceVersionDate "2006.10.02"]
[SourceQuality "1"]

1. e4 c6 2. d4 d5 3. exd5 cxd5 4. c4 Nf6 5. Nc3 e6 6. Nf3 Be7 7. cxd5 Nxd5 8. Bd3 Nc6 9. 0-0 0-0 10. Re1 Bf6 11. Be4 Qd6 12. Bc2 Nce7 13. Qd3 Ng6 14. Ne4 Qb6 15. Nxf6+ Nxf6 16. Ne5 Rd8 17. Be3 Nd5 18. Bg5 Rf8 19. Bd2 Nb4 20. Bxb4 Qxb4 21. Rad1 Rd8 22. Qf3 Qe7 23. Bxg6 hxg6 24. Re3 Qe8 25. Qg4 Qe7 26. Rh3 Bd7 27. Rh4 g5 28. Rh5 g6 29. Rxg5 Be8 30. h4 Rd5 31. h5 Rad8 32. Qh4 R8d7 33. hxg6 fxg6 34. Rd3 Rxe5 35. dxe5 Rxd3 36. Rxg6+ Bxg6 37. Qxe7 Bf5 38. g4 1-0

[Event "ESP-22ch corr"]
[Site "AEAC email"]
[Date "2003.11.25"]
[Round "1"]
[White "Montoya Bello, Felix Jose"]
[Black "Boada Llombart, Jorge"]
[Result "1/2-1/2"]
[WhiteElo "2388"]
[BlackElo "2343"]
[PlyCount "55"]
[EventDate "2003.11.25"]
[EventType "tourn (corr)"]
[EventRounds "12"]
[EventCountry "ESP"]
[SourceTitle "Telechess CBM 114"]
[Source "ChessBase"]
[SourceDate "2006.10.02"]
[SourceVersion "1"]
[SourceVersionDate "2006.10.02"]
[SourceQuality "1"]

1. c4 Nf6 2. g3 g6 3. Bg2 Bg7 4. e4 d6 5. Ne2 0-0 6. 0-0 c5 7. d3 Nc6 8. Nbc3 Ne8 9. f4 f5 10. Be3 Nd4 11. Qd2 Nc7 12. Rae1 Rb8 13. b3 Bd7 14. h3 b5 15. Kh2 b4 16. Nd5 Nxe2 17. Rxe2 Na6 18. Bg1 e6 19. Ne3 Re8 20. Nd1 Bc6 21. Rfe1 fxe4 22. dxe4 Rc8 23. Re3 Bd4 24. Rd3 e5 25. Rf1 Rf8 26. Ne3 Bd7 27. Nd5 Be6 28. Be3 1/2-1/2

[Event "ESP-22ch corr"]
[Site "AEAC email"]
[Date "2003.11.25"]
[Round "2"]
[White "Montoya Bello, Felix Jose"]
[Black "Borrellas Comellas, Josep"]
[Result "1/2-1/2"]
[WhiteElo "2388"]
[BlackElo "2200"]
[PlyCount "33"]
[EventDate "2003.11.25"]
[EventType "tourn (corr)"]
[EventRounds "12"]
[EventCountry "ESP"]
[SourceTitle "Telechess CBM 114"]
[Source "ChessBase"]
[SourceDate "2006.10.02"]
[SourceVersion "1"]
[SourceVersionDate "2006.10.02"]
[SourceQuality "1"]

1. c4 e6 2. Nf3 d5 3. g3 Nf6 4. d4 Be7 5. Bg2 0-0 6. 0-0 Nbd7 7. b3 b6 8. Bb2 Bb7 9. Nc3 dxc4 10. bxc4 Ne4 11. Qd3 Nxc3 12. Bxc3 Nf6 13. Rad1 Be4 14. Qe3 Bd6 15. Rd2 Bb7 16. Bb2 Re8 17. Rfd1 1/2-1/2

[Event "ESP-22ch corr"]
[Site "AEAC email"]
[Date "2003.11.25"]
[Round "2"]
[White "Montoya Bello, Felix Jose"]
[Black "Espejo Hava, Francisco"]
[Result "1/2-1/2"]
[WhiteElo "2388"]
[BlackElo "2445"]
[PlyCount "38"]
[EventDate "2003.11.25"]
[EventType "tourn (corr)"]
[EventRounds "12"]
[EventCountry "ESP"]
[SourceTitle "Telechess CBM 114"]
[Source "ChessBase"]
[SourceDate "2006.10.02"]
[SourceVersion "1"]
[SourceVersionDate "2006.10.02"]
[SourceQuality "1"]

1. c4 b6 2. Nf3 Bb7 3. Nc3 e6 4. g3 f5 5. Bg2 Nf6 6. 0-0 Bb4 7. Qc2 0-0 8. a3 Bxc3 9. Qxc3 a5 10. b3 Qe7 11. Bb2 d6 12. e4 Nbd7 13. b4 Nxe4 14. Qc2 Ndf6 15. Ng5 axb4 16. axb4 c5 17. Nxe4 Bxe4 18. Bxe4 Nxe4 19. f3 Nf6 1/2-1/2

[Event "ESP-22ch corr"]
[Site "AEAC email"]
[Date "2003.11.25"]
[Round "1"]
[White "Montoya Bello, Felix Jose"]
[Black "Garcia Corada, Pedro"]
[Result "0-1"]
[WhiteElo "2388"]
[BlackElo "2534"]
[PlyCount "74"]
[EventDate "2003.11.25"]
[EventType "tourn (corr)"]
[EventRounds "12"]
[EventCountry "ESP"]
[SourceTitle "Telechess CBM 114"]
[Source "ChessBase"]
[SourceDate "2006.10.02"]
[SourceVersion "1"]
[SourceVersionDate "2006.10.02"]
[SourceQuality "1"]

1. c4 e5 2. Nc3 Nf6 3. Nf3 Nc6 4. e4 Bb4 5. d3 d6 6. Be2 0-0 7. 0-0 a5 8. Bg5 h6 9. Bh4 Bg4 10. Ne1 Be6 11. Nc2 Bc5 12. Kh1 Nd4 13. Ne3 g5 14. Bg3 a4 15. Ng4 Kg7 16. Nxf6 Qxf6 17. Bg4 a3 18. b3 Bxg4 19. Qxg4 Qe6 20. Qxe6 fxe6 21. Rac1 Rf7 22. h3 h5 23. h4 Nc6 24. Kg1 Nb4 25. Rfd1 Kh6 26. Rd2 gxh4 27. Bxh4 Rf4 28. Bg3 Rg4 29. Bh2 Bd4 30. Kf1 Rf8 31. Nd1 h4 32. Rb1 Kh5 33. Rc1 Rg7 34. Rb1 Rfg8 35. g3 Kg4 36. gxh4 Kf3 37. Bg3 Rxg3 0-1

[Event "Autonomico-chT"]
[Site "Aragon"]
[Date "1996.??.??"]
[Round "?"]
[White "Sospedra Sebastian, Juan"]
[Black "Montoya Bello, Felix Jose"]
[Result "1-0"]
[WhiteElo "2300"]
[BlackElo "2190"]
[PlyCount "61"]
[EventDate "1996.??.??"]
[EventType "team"]
[EventRounds "9"]
[EventCountry "ESP"]
[SourceTitle "EXT 2002"]
[Source "ChessBase"]
[SourceDate "2001.11.25"]
[SourceVersion "1"]
[SourceVersionDate "2001.11.25"]
[SourceQuality "1"]

1. d4 d5 2. Bg5 Nf6 3. Bxf6 exf6 4. e3 c6 5. Bd3 Bd6 6. Qf3 Be6 7. Ne2 Nd7 8. Nd2 Nf8 9. Nf4 Qd7 10. h3 Ng6 11. Nxe6 fxe6 12. h4 Qf7 13. h5 Ne7 14. e4 0-0 15. 0-0-0 e5 16. dxe5 fxe5 17. Qg4 b5 18. Kb1 d4 19. Rh3 Nc8 20. Rf3 Qe7 21. Rxf8+ Kxf8 22. Nf3 Nb6 23. Qf5+ Ke8 24. Qxh7 Kd7 25. Rh1 Na4 26. h6 Nxb2 27. hxg7 Rg8 28. Qxg8 Na4 29. Qh7 Nc3+ 30. Ka1 Qe6 31. g8Q+ 1-0

[Event "ESP-Cup5 corr"]
[Site "Spain"]
[Date "1995.??.??"]
[Round "?"]
[White "Baldomero Garcia, Julio"]
[Black "Montoya Bello, Felix Jose"]
[Result "1/2-1/2"]
[WhiteElo "2035"]
[BlackElo "1995"]
[PlyCount "99"]
[EventDate "1995.??.??"]
[EventType "tourn (corr)"]
[EventRounds "13"]
[EventCountry "ESP"]
[SourceTitle "Corr 2000"]
[Source "ChessBase"]
[SourceDate "2000.04.19"]
[SourceVersion "1"]
[SourceVersionDate "2000.04.19"]
[SourceQuality "1"]

1. d4 d5 2. c4 dxc4 3. e4 c5 4. d5 e6 5. Bxc4 Nf6 6. Nc3 exd5 7. exd5 a6 8. a4 Bd6 9. Qe2+ Qe7 10. Qxe7+ Kxe7 11. Bg5 Bf5 12. Nge2 h6 13. Bh4 Bh7 14. 0-0-0 Nbd7 15. Bd3 Bxd3 16. Rxd3 Rhe8 17. Ne4 g5 18. Nxd6 Kxd6 19. Bg3+ Ne5 20. Nc3 Kd7 21. Rdd1 Nh5 22. a5 Nxg3 23. hxg3 Rh8 24. f4 gxf4 25. Na4 Kd6 26. Nb6 Rae8 27. gxf4 Ng4 28. Nc4+ Kd7 29. Rhe1 Nf2 30. Rxe8 Rxe8 31. Ne5+ Kd6 32. Rf1 Ne4 33. Nxf7+ Kxd5 34. g4 Ng3 35. Rd1+ Kc6 36. Rd6+ Kc7 37. Rf6 Rf8 38. g5 h5 39. g6 h4 40. Ne5 Rg8 41. Kd1 h3 42. Rf7+ Kd6 43. Rh7 Kd5 44. Rxh3 Ke4 45. Rh7 Kxf4 46. Nd3+ Ke3 47. Nxc5 Rxg6 48. Rxb7 Nf5 49. Rb6 Rg7 50. Re6+ 1/2-1/2

[Event "Autonomico op"]
[Site "Aragon"]
[Date "1995.??.??"]
[Round "9"]
[White "Ibanez Aullana, Jose Ramon"]
[Black "Montoya Bello, Felix Jose"]
[Result "0-1"]
[WhiteElo "2300"]
[BlackElo "2185"]
[PlyCount "106"]
[EventDate "1995.??.??"]
[EventType "swiss"]
[EventRounds "9"]
[EventCountry "ESP"]
[SourceTitle "EXT 2002"]
[Source "ChessBase"]
[SourceDate "2001.11.25"]
[SourceVersion "1"]
[SourceVersionDate "2001.11.25"]
[SourceQuality "1"]

1. e4 c5 2. Nf3 e6 3. d3 d5 4. Nbd2 Nc6 5. g3 Bd6 6. Bg2 Nge7 7. 0-0 0-0 8. Re1 f5 9. exd5 exd5 10. d4 cxd4 11. Nb3 f4 12. Nfxd4 Qb6 13. a4 a5 14. c3 Bd7 15. Qe2 Rf6 16. Nb5 Raf8 17. N3d4 Nxd4 18. Nxd4 g5 19. Kh1 f3 20. Bxf3 Rxf3 21. Nxf3 Bg4 22. Qe3 Bxf3+ 23. Kg1 Qxe3 24. Bxe3 g4 25. Bb6 Nc6 26. Re3 Ne5 27. Bd4 Be4 28. Bxe5 Bxe5 29. Rae1 h5 30. Rd1 Bc7 31. Rd2 Rf3 32. Re1 Bb6 33. c4 Rf5 34. Rde2 Bf3 35. Re7 dxc4 36. R1e6 Bc6 37. Rg6+ Kf8 38. Re2 Kf7 39. Rh6 Bd4 40. Rd2 Bb6 41. Rh7+ Kg6 42. Re7 Bc5 43. Rc7 Rf7 44. Rxf7 Kxf7 45. Rc2 Bd4 46. Rxc4 Bxb2 47. Rc5 Bxa4 48. Rxa5 b5 49. f4 Bc3 50. Ra6 Bc2 51. Rh6 b4 52. Rxh5 b3 53. Rb5 Bd4+ 0-1

[Event "ESP-Cup5 corr"]
[Site "Spain"]
[Date "1995.??.??"]
[Round "?"]
[White "Mercadal Benejam, Josep"]
[Black "Montoya Bello, Felix Jose"]
[Result "1-0"]
[WhiteElo "2350"]
[BlackElo "1995"]
[PlyCount "65"]
[EventDate "1995.??.??"]
[EventType "tourn (corr)"]
[EventRounds "13"]
[EventCountry "ESP"]
[SourceTitle "Corr 2000"]
[Source "ChessBase"]
[SourceDate "2000.04.19"]
[SourceVersion "1"]
[SourceVersionDate "2000.04.19"]
[SourceQuality "1"]

1. d4 d5 2. c4 dxc4 3. e4 c5 4. d5 e6 5. Bxc4 Nf6 6. Nc3 exd5 7. Nxd5 Nxd5 8. Bxd5 Be7 9. Nf3 0-0 10. 0-0 Qb6 11. Be3 Be6 12. b4 Bxd5 13. Qxd5 Qxb4 14. Rab1 Rd8 15. Rxb4 Rxd5 16. Rxb7 Rd7 17. Rfb1 Rxb7 18. Rxb7 Kf8 19. Ne5 Ke8 20. Kf1 g6 21. f4 f6 22. Nc4 Nd7 23. e5 Kd8 24. Ke2 Kc8 25. Na5 fxe5 26. fxe5 Rb8 27. Rxa7 Rb2+ 28. Bd2 Rb6 29. Bc3 Re6 30. Kd3 h5 31. Nc4 Bf8 32. a4 Kd8 33. a5 1-0

[Event "ESP-Cup5 corr"]
[Site "Spain"]
[Date "1995.??.??"]
[Round "?"]
[White "Miguel Tomas, Pedro Jose"]
[Black "Montoya Bello, Felix Jose"]
[Result "1/2-1/2"]
[WhiteElo "2085"]
[BlackElo "1995"]
[PlyCount "75"]
[EventDate "1995.??.??"]
[EventType "tourn (corr)"]
[EventRounds "13"]
[EventCountry "ESP"]
[SourceTitle "Corr 2000"]
[Source "ChessBase"]
[SourceDate "2000.04.19"]
[SourceVersion "1"]
[SourceVersionDate "2000.04.19"]
[SourceQuality "1"]

1. g4 d5 2. Bg2 c6 3. c4 dxc4 4. h3 e5 5. Nf3 f6 6. b3 Be6 7. bxc4 Bxc4 8. 0-0 Ne7 9. Nc3 Ng6 10. Rb1 Qc7 11. Qa4 Bf7 12. d3 Nd7 13. Qc2 Bd6 14. Ne4 Be7 15. Be3 0-0 16. Rfc1 Rfc8 17. Bd2 Ndf8 18. Qb2 b6 19. d4 Rab8 20. e3 exd4 21. Nxd4 Ne5 22. Qc2 Nfg6 23. f4 Nc4 24. Qd3 b5 25. Be1 Rd8 26. Qc3 Ba3 27. Rc2 Qb6 28. Nf5 c5 29. Nh6+ Kf8 30. Nxf7 Bb4 31. Qb3 Na5 32. Qb2 Kxf7 33. Bxb4 cxb4 34. Rc5 Rbc8 35. Qxb4 Rxc5 36. Qxc5 Qxc5 37. Nxc5 Nc4 38. Rxb5 1/2-1/2

[Event "ESP-Cup5 corr"]
[Site "Spain"]
[Date "1995.??.??"]
[Round "?"]
[White "Montoya Bello, Felix Jose"]
[Black "Grau Ribas, Jose Maria"]
[Result "1/2-1/2"]
[WhiteElo "1995"]
[BlackElo "2180"]
[PlyCount "66"]
[EventDate "1995.??.??"]
[EventType "tourn (corr)"]
[EventRounds "13"]
[EventCountry "ESP"]
[SourceTitle "Corr 2000"]
[Source "ChessBase"]
[SourceDate "2000.04.19"]
[SourceVersion "1"]
[SourceVersionDate "2000.04.19"]
[SourceQuality "1"]

1. c4 Nf6 2. Nc3 e5 3. Nf3 Nc6 4. e4 Bc5 5. Be2 d6 6. 0-0 Bg4 7. d3 0-0 8. Bg5 h6 9. Bh4 a6 10. Kh1 Rb8 11. Qd2 Bxf3 12. Bxf3 Nxe4 13. Nxe4 Qxh4 14. g3 Qd8 15. Nxc5 dxc5 16. Bxc6 bxc6 17. b3 e4 18. Rad1 Qxd3 19. Qxd3 exd3 20. Rxd3 Rfd8 21. Rfd1 Rxd3 22. Rxd3 Kf8 23. Rd7 Rc8 24. Kg2 Ke8 25. Rd3 Rd8 26. Re3+ Kd7 27. f4 a5 28. Kf3 Re8 29. Rxe8 Kxe8 30. Ke4 Ke7 31. Ke5 f6+ 32. Kf5 Kf7 33. h4 g6+ 1/2-1/2

[Event "ESP-Cup5 corr"]
[Site "Spain"]
[Date "1995.??.??"]
[Round "?"]
[White "Montoya Bello, Felix Jose"]
[Black "Jimenez Alonso, Julio"]
[Result "1-0"]
[WhiteElo "1995"]
[BlackElo "2010"]
[PlyCount "61"]
[EventDate "1995.??.??"]
[EventType "tourn (corr)"]
[EventRounds "13"]
[EventCountry "ESP"]
[SourceTitle "Corr 2000"]
[Source "ChessBase"]
[SourceDate "2000.04.19"]
[SourceVersion "1"]
[SourceVersionDate "2000.04.19"]
[SourceQuality "1"]

1. c4 e5 2. Nc3 Nc6 3. g3 g6 4. Bg2 Bg7 5. e4 d6 6. Nge2 Nge7 7. d3 0-0 8. 0-0 f5 9. f4 fxe4 10. dxe4 Be6 11. b3 Qd7 12. Be3 Bg4 13. Rc1 Rf7 14. Qd2 Raf8 15. c5 Bxe2 16. Nxe2 Nc8 17. Rfd1 Rd8 18. Qd3 b6 19. cxb6 axb6 20. Qb5 N8a7 21. Qa4 Na5 22. Qxd7 Rdxd7 23. Nc3 exf4 24. gxf4 Bxc3 25. Rxc3 Rde7 26. e5 dxe5 27. Bd5 Nb5 28. Rcc1 exf4 29. Bxf4 c5 30. Bh6 Nd6 31. Re1 1-0

[Event "ESP-Cup5 corr"]
[Site "Spain"]
[Date "1995.??.??"]
[Round "?"]
[White "Montoya Bello, Felix Jose"]
[Black "Jimenez Molina, Gabriel"]
[Result "1-0"]
[WhiteElo "1995"]
[BlackElo "1935"]
[PlyCount "59"]
[EventDate "1995.??.??"]
[EventType "tourn (corr)"]
[EventRounds "13"]
[EventCountry "ESP"]
[SourceTitle "Corr 2000"]
[Source "ChessBase"]
[SourceDate "2000.04.19"]
[SourceVersion "1"]
[SourceVersionDate "2000.04.19"]
[SourceQuality "1"]

1. c4 e5 2. Nc3 Nf6 3. Nf3 Nc6 4. e4 Bb4 5. d3 d6 6. Be2 h6 7. 0-0 0-0 8. Ne1 a5 9. Nc2 b6 10. f4 Bc5+ 11. Kh1 Bb7 12. f5 Nb4 13. Bd2 Nxc2 14. Qxc2 Re8 15. Qc1 Qe7 16. Bxh6 gxh6 17. Qxh6 Nh7 18. Rf3 f6 19. Rg3+ Kh8 20. Rf1 Rg8 21. Rg6 Bd4 22. Rf3 Raf8 23. Rh3 Bxc3 24. bxc3 Rf7 25. Qe3 Rfg7 26. Rgh6 Qd7 27. Qf2 Rd8 28. Rxf6 Qe7 29. Rg6 Qf8 30. Rgh6 1-0

[Event "ESP-Cup5 corr"]
[Site "Spain"]
[Date "1995.??.??"]
[Round "?"]
[White "Perez Medrano, Alvaro"]
[Black "Montoya Bello, Felix Jose"]
[Result "1/2-1/2"]
[WhiteElo "2145"]
[BlackElo "1995"]
[PlyCount "117"]
[EventDate "1995.??.??"]
[EventType "tourn (corr)"]
[EventRounds "13"]
[EventCountry "ESP"]
[SourceTitle "Corr 2000"]
[Source "ChessBase"]
[SourceDate "2000.04.19"]
[SourceVersion "1"]
[SourceVersionDate "2000.04.19"]
[SourceQuality "1"]

1. e4 c5 2. Nf3 e6 3. d4 cxd4 4. Nxd4 a6 5. Nc3 Qc7 6. Bd3 Nc6 7. Be3 Nf6 8. 0-0 Ne5 9. h3 Bc5 10. Qe2 d6 11. f4 Ng6 12. Nb3 Bxe3+ 13. Qxe3 0-0 14. Rf2 b5 15. a3 Qa7 16. Qxa7 Rxa7 17. e5 dxe5 18. Bxg6 hxg6 19. fxe5 Nd7 20. Re1 Nb6 21. Na5 Bb7 22. Rd2 Bd5 23. Red1 Rc8 24. Nxd5 Nxd5 25. Re1 Rd7 26. Nb3 Nb6 27. Rxd7 Nxd7 28. c3 Nb6 29. Kf2 Nc4 30. Re2 Kf8 31. g4 Ke7 32. g5 Kd7 33. Kg3 Kc6 34. h4 Rd8 35. Nd4+ Kb6 36. Kf4 a5 37. Ke4 Rd5 38. Nf3 a4 39. Rh2 Kc5 40. h5 gxh5 41. Rxh5 Nxb2 42. Rh7 Nc4 43. Rxg7 Nxa3 44. Rxf7 Nb1 45. g6 Nxc3+ 46. Ke3 Rd8 47. g7 Rg8 48. Kd3 Nd5 49. Nd4 a3 50. Nxe6+ Kb6 51. Kd4 a2 52. Rf8 Ne7 53. Ra8 Nf5+ 54. Kd5 Nxg7 55. Rxa2 Nxe6 56. Kxe6 Kc5 57. Kf7 Rb8 58. e6 b4 59. e7 1/2-1/2

[Event "ESP-chT"]
[Site "Cordoba"]
[Date "1995.??.??"]
[Round "5"]
[White "San Segundo Carrillo, Pablo"]
[Black "Montoya Bello, Felix Jose"]
[Result "1-0"]
[WhiteElo "2520"]
[BlackElo "2160"]
[PlyCount "75"]
[EventDate "1995.??.??"]
[EventType "team"]
[EventRounds "9"]
[EventCountry "ESP"]
[SourceTitle "EXT 2000"]
[Source "ChessBase"]
[SourceDate "1999.11.16"]
[SourceVersion "1"]
[SourceVersionDate "1999.11.16"]
[SourceQuality "1"]

1. d4 d5 2. c4 dxc4 3. Nf3 Nf6 4. e3 e6 5. Bxc4 c5 6. 0-0 a6 7. Bd3 Nc6 8. Nc3 cxd4 9. exd4 Nb4 10. Bb1 Nbd5 11. Bg5 Be7 12. Qd3 b5 13. Ne5 Qb6 14. a4 b4 15. a5 Qc7 16. Nxd5 Nxd5 17. Rc1 Qd6 18. Nc4 Qd8 19. Bxe7 Qxe7 20. Nb6 Nxb6 21. axb6 Qb7 22. Qg3 0-0 23. Qd6 Qd5 24. Qxb4 Bb7 25. f3 Qg5 26. Rc3 a5 27. Qc5 Qd2 28. Be4 Bxe4 29. fxe4 Qxb2 30. Rcc1 Rfd8 31. d5 Rab8 32. Rab1 Qe5 33. b7 Qxe4 34. Qc7 Qd4+ 35. Kh1 Qxd5 36. Qxb8 Rxb8 37. Rc8+ Qd8 38. Rxd8+ 1-0

[Event "ESP-Cup5 corr"]
[Site "Spain"]
[Date "1995.??.??"]
[Round "?"]
[White "Suarez Cerezo, Ismael"]
[Black "Montoya Bello, Felix Jose"]
[Result "0-1"]
[WhiteElo "1980"]
[BlackElo "1995"]
[PlyCount "84"]
[EventDate "1995.??.??"]
[EventType "tourn (corr)"]
[EventRounds "13"]
[EventCountry "ESP"]
[SourceTitle "Corr 2000"]
[Source "ChessBase"]
[SourceDate "2000.04.19"]
[SourceVersion "1"]
[SourceVersionDate "2000.04.19"]
[SourceQuality "1"]

1. c4 e5 2. Nc3 Nc6 3. g3 f5 4. Bg2 Nf6 5. e3 g6 6. d4 e4 7. f3 exf3 8. Nxf3 Bg7 9. d5 Ne7 10. 0-0 d6 11. e4 fxe4 12. Ng5 0-0 13. Ncxe4 Nxe4 14. Bxe4 Rxf1+ 15. Qxf1 Qf8 16. Qxf8+ Bxf8 17. Ne6 Bxe6 18. dxe6 c6 19. Bg5 Re8 20. Bxe7 Rxe7 21. Re1 Bg7 22. b3 Be5 23. b4 Bc3 24. Rb1 Rxe6 25. Bf3 Re3 26. Kg2 Rd3 27. b5 Rd2+ 28. Kh3 Rxa2 29. bxc6 bxc6 30. Bxc6 Kg7 31. Rb7+ Kf6 32. Rxh7 a5 33. Ra7 Bd4 34. c5 Bxc5 35. Ra8 Kg5 36. Bd5 Rd2 37. Bc6 Bb4 38. Rd8 Kf6 39. Kg4 Rxh2 40. Rf8+ Ke5 41. Kg5 d5 42. Rd8 Be7+ 0-1

[Event "Hospitalet op"]
[Site "Hospitalet"]
[Date "1994.??.??"]
[Round "2"]
[White "Montoya Bello, Felix Jose"]
[Black "Marin, Irina Luiza"]
[Result "1/2-1/2"]
[WhiteElo "2185"]
[BlackElo "2261"]
[PlyCount "74"]
[EventDate "1994.??.??"]
[EventType "swiss"]
[EventRounds "9"]
[EventCountry "ESP"]
[SourceTitle "EXT 1997"]
[Source "ChessBase"]
[SourceDate "1996.11.15"]
[SourceVersion "1"]
[SourceVersionDate "1996.11.15"]
[SourceQuality "1"]

1. d4 d5 2. Nf3 Nf6 3. e3 Bf5 4. Bd3 Bxd3 5. cxd3 c6 6. 0-0 Nbd7 7. Nbd2 Nb6 8. Re1 e6 9. e4 dxe4 10. dxe4 Be7 11. b3 0-0 12. Bb2 a5 13. a4 Nbd7 14. Qe2 c5 15. Red1 Rc8 16. Nc4 cxd4 17. Nxd4 Nc5 18. Nxe6 fxe6 19. Rxd8 Rcxd8 20. f3 Nxb3 21. Rd1 Nc5 22. Ba3 Rxd1+ 23. Qxd1 Rd8 24. Qxd8+ Bxd8 25. Bxc5 Nd7 26. Bd6 Kf7 27. Kf2 Be7 28. Ke3 Nc5 29. Bxe7 Kxe7 30. Nxa5 b6 31. Kd4 Nxa4 32. Nb3 Kd6 33. f4 e5+ 34. fxe5+ Ke6 35. Nd2 Nc5 36. Nf3 h6 37. g4 Nb3+ 1/2-1/2

[Event "Mislata op 03th"]
[Site "Mislata"]
[Date "1994.??.??"]
[Round "3"]
[White "Montoya Bello, Felix Jose"]
[Black "Oltra Caurin, Ramon"]
[Result "0-1"]
[WhiteElo "2185"]
[BlackElo "2390"]
[PlyCount "116"]
[EventDate "1994.08.??"]
[EventType "swiss"]
[EventRounds "9"]
[EventCountry "ESP"]
[SourceTitle "EXT 2000"]
[Source "ChessBase"]
[SourceDate "1999.11.16"]
[SourceVersion "1"]
[SourceVersionDate "1999.11.16"]
[SourceQuality "1"]

1. c4 e5 2. Nc3 Nf6 3. Nf3 Nc6 4. e4 Bc5 5. Be2 d6 6. d3 h6 7. 0-0 0-0 8. Na4 a5 9. Nxc5 dxc5 10. Be3 b6 11. Ne1 Be6 12. f4 exf4 13. Rxf4 Qe7 14. Nc2 Nd7 15. d4 cxd4 16. Nxd4 Nxd4 17. Qxd4 Rad8 18. e5 Qc5 19. Qxc5 Nxc5 20. b3 a4 21. Bxc5 bxc5 22. bxa4 Rd2 23. Bg4 Bxg4 24. Rxg4 Ra8 25. Rb1 Rxa4 26. h3 Rd4 27. Rb8+ Kh7 28. Rb7 Rxg4 29. hxg4 Rxc4 30. Rxc7 Rf4 31. Rxc5 Rxg4 32. Kf2 Ra4 33. Rc2 Kg6 34. Ke3 Kf5 35. Rf2+ Ke6 36. Kd3 h5 37. Re2 g5 38. Kc3 Ra5 39. Kb4 Rxe5 40. Rc2 Kf5 41. a4 Kg4 42. a5 f5 43. a6 f4 44. a7 Re8 45. Rc3 Ra8 46. Ra3 h4 47. Kc4 f3 48. gxf3+ Kf4 49. Kd5 h3 50. Ra4+ Kxf3 51. Ke5 h2 52. Ra3+ Kg4 53. Ra4+ Kh3 54. Ra3+ Kh4 55. Ra1 g4 56. Kf4 g3 57. Ra3 Rf8+ 58. Ke3 g2 0-1